Cuentos de fantasmas (Registro nro. 14504)

000 -CABECERA
campo de control de longitud fija 02104nam a2200397Ia 4500
003 - IDENTIFICADOR DEL NÚMERO DE CONTROL
campo de control CO-MqBPB
005 - FECHA Y HORA DE LA ÚLTIMA TRANSACCIÓN
campo de control 20221019083929.0
007 - CAMPO FIJO DE DESCRIPCIÓN FÍSICA--INFORMACIÓN GENERAL
campo de control de longitud fija ta
008 - DATOS DE LONGITUD FIJA--INFORMACIÓN GENERAL
campo de control de longitud fija 210831s20132018sp jr 000 jdspa d
020 ## - NÚMERO INTERNACIONAL ESTÁNDAR DEL LIBRO
Número Internacional Estándar del Libro 9788417782061
040 ## - FUENTE DE LA CATALOGACIÓN
Centro catalogador/agencia de origen CO-MqBPB
Lengua de catalogación spa
Normas de descripción rda
Centro/agencia transcriptor CO-MqBPB
082 ## - NÚMERO DE LA CLASIFICACIÓN DECIMAL DEWEY
Número de clasificación AC
Número de documento/Ítem DICc1
084 ## - OTRO NÚMERO DE CLASIFICACIÓN
Número de clasificación C DIC1
100 1# - ENTRADA PRINCIPAL--NOMBRE DE PERSONA
Nombre de persona Dickens, Charles
Fechas asociadas al nombre 1812-1870
Término indicativo de función/relación autor
9 (RLIN) 10934
110 ## - ENTRADA PRINCIPAL--NOMBRE DE ENTIDAD CORPORATIVA
Código de función/relación James, Henry
111 ## - ENTRADA PRINCIPAL--NOMBRE DE CONGRESO/REUNIÓN
Código de función/relación Scott, Walter
245 10 - MENCIÓN DE TÍTULO
Título Cuentos de fantasmas
Mención de responsabilidad, etc. Charles Dickens ; Henry James , Waltwr Scott
250 ## - MENCIÓN DE EDICIÓN
Resto de la mención de edición Primera edición
264 #1 - PRODUCCIÓN, PUBLICACIÓN, DISTRIBUCIÓN, FABRICACIÓN Y COPYRIGHT
Producción, publicación, distribución, fabricación y copyright Madrid , España :
Nombre del de productor, editor, distribuidor, fabricante Mestas Ediciones
Fecha de producción, publicación, distribución, fabricación o copyright 2019
300 ## - DESCRIPCIÓN FÍSICA
Extensión 159 páginas
Dimensiones 19 cm
336 ## - TIPO DE CONTENIDO
Término de tipo de contenido texto
Código de tipo de contenido txt
Fuente rdacontent
337 ## - TIPO DE MEDIO
Nombre/término del tipo de medio sin mediación
Código del tipo de medio n
Fuente rdamedia
338 ## - TIPO DE SOPORTE
Nombre/término del tipo de soporte volumen
Código del tipo de soporte nc
Fuente rdacarrier
490 ## - MENCIÓN DE SERIE
Mención de serie Edición Bilingúe
520 ## - SUMARIO, ETC.
Sumario, etc. Un fantasma, un espectro o un espíritu es un símbolo inequívoco de todo aquello de cuya existencia se duda, y aunque un hombre es capaz de dudar de muchas cosas, nos encontramos ante una cuestión que nos desasosiega, nos inquieta y nos intriga, pues tiene mucho que ver con la vida en el más allá y con seres de ultratumba capaces de pervivir después de la muerte. Todo ello produce en el ser humano un residuo de temor ancestral que no es fácil ocultar, un cierto gusto por el sufrimiento y el horror que finalmente crea una adicción, a veces inconfesable, en el lector, que descubre cómo una situación que parece de lo más trivial termina desembocando en trances de auténtico terror y perturbación desequilibrante. ―Incluye un vocabulario imprescindible para facilitar la lectura y el aprendizaje del idioma.
534 ## - NOTA SOBRE LA VERSIÓN ORIGINAL
Mención de título del original To be read at dusk
545 ## - DATOS BIOGRÁFICOS O HISTÓRICOS
Datos biográficos o históricos Incluye datos biográficos del autor en la solapa
650 17 - PUNTO DE ACCESO ADICIONAL DE MATERIA--TÉRMINO DE MATERIA
Término de materia o nombre geográfico como elemento de entrada Cuentos ingleses
Subdivisión cronológica Siglo XIX
Fuente del encabezamiento o término LEMB
9 (RLIN) 12339
650 17 - PUNTO DE ACCESO ADICIONAL DE MATERIA--TÉRMINO DE MATERIA
Término de materia o nombre geográfico como elemento de entrada Literatura inglesa
Subdivisión cronológica Siglo XIX
Fuente del encabezamiento o término LEMB
9 (RLIN) 7702
650 17 - PUNTO DE ACCESO ADICIONAL DE MATERIA--TÉRMINO DE MATERIA
Término de materia o nombre geográfico como elemento de entrada Fantasmas
Subdivisión de forma Cuentos
Fuente del encabezamiento o término LEMB
9 (RLIN) 23542
650 17 - PUNTO DE ACCESO ADICIONAL DE MATERIA--TÉRMINO DE MATERIA
Término de materia o nombre geográfico como elemento de entrada Miedo
Subdivisión de forma Cuentos
Fuente del encabezamiento o término LEMB
9 (RLIN) 186485
650 17 - PUNTO DE ACCESO ADICIONAL DE MATERIA--TÉRMINO DE MATERIA
Término de materia o nombre geográfico como elemento de entrada Suspenso
Subdivisión de forma Cuentos
Fuente del encabezamiento o término LEMB
9 (RLIN) 105029
650 17 - PUNTO DE ACCESO ADICIONAL DE MATERIA--TÉRMINO DE MATERIA
Término de materia o nombre geográfico como elemento de entrada Niños
Subdivisión de forma Cuentos
Fuente del encabezamiento o término LEMB
9 (RLIN) 186486
650 17 - PUNTO DE ACCESO ADICIONAL DE MATERIA--TÉRMINO DE MATERIA
Término de materia o nombre geográfico como elemento de entrada Marinos
Subdivisión de forma Cuentos
Fuente del encabezamiento o término LEMB
9 (RLIN) 23699
942 ## - ELEMENTOS DE PUNTO DE ACCESO ADICIONAL (KOHA)
Tipo de ítem Koha Libro Literatura
Existencias
Estado de retiro Estado de pérdida Fuente del sistema de clasificación o colocación Estado dañado No para préstamo Código de colección Localización permanente Ubicación/localización actual Fecha de adquisición Fuente de adquisición Número de inventario Total de préstamos Signatura topográfica completa Código de barras Fecha visto por última vez Número de copia Precio válido a partir de Tipo de ítem Koha Nota pública Fecha del último préstamo
          Literatura Adulto Biblioteca Pública San Juan Bosco Biblioteca Pública San Juan Bosco 19/10/2022 Compra BPSJBM 2022 NT   AC DICc1 MOS502667 19/10/2022 EJ. 1 19/10/2022 Libro Literatura Quince días  
          Literatura Adulto Biblioteca Pública San Juan Bosco Biblioteca Pública San Juan Bosco 19/10/2022 Compra BPSJBM 2022 NT 2 AC DICc1 MOS502668 14/01/2025 EJ. 2 19/10/2022 Libro Literatura Quince días 26/11/2024

© Todos los derechos reservados para la Biblioteca Pública Municipal San Juan Bosco, 2020
Secretaria de Cultura de Mosquera
Carrera 3 N° 10 Esquina Centro Cultural Barrio El Carmén Teléfono: 8270830 Ext: 34
Funcionando con KOHA
Contacto: Biblioteca Pública Municipal San Juan Bosco/ bibliotecasanjuanbosco@mosquera-cundinamarca.gov.co
Mosquera, Cundinamarca